[Event "AUT-ch U14 Girls"]
[Site "Vienna"]
[Date "2008.05.12"]
[Round "6"]
[White "Willy, Anora"]
[Black "Wilfling, Sandra"]
[Result "0-1"]
[WhiteElo "1226"]
[BlackElo "1580"]
[PlyCount "66"]
[EventDate "2008.05.10"]
[EventType "swiss"]
[EventRounds "7"]
[EventCountry "AUT"]
[SourceTitle "EXT 2009"]
[Source "ChessBase"]
[SourceDate "2008.11.26"]
[SourceVersion "1"]
[SourceVersionDate "2008.11.26"]
[SourceQuality "1"]

1. d4 Nf6 2. Nf3 g6 3. Bg5 Bg7 4. Nbd2 0-0 5. e3 d6 6. Bd3 Nbd7 7. 0-0 c5 8. c3 a6 9. Qe2 b5 10. a4 c4 11. Bc2 Bb7 12. axb5 axb5 13. b3 d5 14. Rab1 Bc6 15. e4 dxe4 16. Nxe4 Bd5 17. Rfd1 Ra2 18. Rd2 h6 19. Nxf6+ exf6 20. Bf4 g5 21. Be4 Rxd2 22. Bxd2 Re8 23. Ne5 Bxe4 24. Qxe4 fxe5 25. Qd5 exd4 26. cxd4 Nb6 27. Qxb5 Bxd4 28. Ba5 c3 29. Rc1 Bxf2+ 30. Kxf2 Qd2+ 31. Kf3 Re3+ 32. Kg4 Qd4+ 33. Kf5 Qf4# 0-1